| 000 | 00910nam a22002177a 4500 | ||
|---|---|---|---|
| 999 |
_c18799 _d18799 |
||
| 003 | AR-CdUCM | ||
| 008 | 190515b ||||| |||| 00| 0 spa d | ||
| 040 |
_aMUNICIPALIDAD PROVINCIAL DEL CUSCO _cBIBLIOTECA MUNICIPAL DEL CUSCO |
||
| 082 |
_a632.7 / _bCH48 |
||
| 100 |
_aChiesa Molinari, O _939609 |
||
| 245 | _aLas plagas de la huerta y el jardín y modo de combatirlas / | ||
| 260 |
_aBuenos Aires : _bBell, _c1948. |
||
| 300 |
_a205 páginas ; _c20 cm. |
||
| 440 |
_aBiblioteca de pampa argentina _939610 |
||
| 505 | _aContenido : Generalidades sobre los insectos -- Nociones generales sobre la forma y vida de los insectos y otros enemigos de la agricultura -- Procedimientos generales de lucha contra las plagas de las hortalizas y plantas de jardín ... | ||
| 650 |
_aHortalizas _922950 |
||
| 650 |
_aPlantas _919530 |
||
| 650 |
_aInsectos _919562 |
||
| 942 |
_2ddc _cLIBROS |
||
| 945 |
_arah _d2019/05/15 |
||